000 01151cam a2200325 a 4500
001 4018755
003 OSt
005 20140310184448.0
008 971113s1998 nyu c 000 1 eng
010 _a 97046500
020 _a0439065089
040 _aDLC
_cDLC
_dDLC
042 _alcac
050 0 0 _aPZ 7
_b.V2857Saqm 1999
100 1 _aVan Draanen, Wendelin.
_94062
245 1 0 _aSammy Keyes and the skeleton man /
_cWendelin Van Draanen.
260 _aNew York :
_bKnopf :
_bDistributed by Random House,
_bScholastics Inc.
_c1999.
300 _a172 p. ;
_c22 cm.
521 _aG6
526 _c890
650 1 _aHalloween
_xFiction.
_927861
650 1 _aMystery and detective stories.
_93790
856 4 2 _3Contributor biographical information
_uhttp://www.loc.gov/catdir/bios/random051/97046500.html
856 4 2 _3Publisher description
_uhttp://www.loc.gov/catdir/description/random0410/97046500.html
906 _a7
_bcbc
_corignew
_d1
_eocip
_f19
_gy-gencatlg
942 _2lcc
_cBK-SCHOLAS
999 _c34545
_d34545